Робототехника, прогноз, программирование

Podrobná bibliografie
Korporativní autor: Российская академия наук (РАН) Институт прикладной математики им. М. В. Келдыша (ИПМ)
Další autoři: Малинецкий Г. Г. Георгий Геннадьевич (редактор)
Shrnutí:В настоящей книге представлены лекции для студентов, аспирантов и молодых исследователей, посвященные важным и интересным направлениям прикладной математики. Среди них проблемы робототехники и машинного зрения. Развитие этих направлений, вероятно, во многом изменит и технологическую реальность XXI века, и облик вооруженных сил, и наш повседневный быт. Другая тема лекций — синергетика и прогноз. Это направление дает понимание многих важных свойств, характерных для сложных развивающихся систем. Одно из приложений этой теории, обсуждаемое в книге — управление рисками, прогноз катастрофических явлений в природе, технике и обществе. Традиционная сфера прогноза и диагностики — медицина. И в этой сфере ученые многому научились — им удалось построить математические модели принятия решений лечащим врачом. Облик новой экономики во многом определяет информационно-телекоммуникационный комплекс. Основа основ его — создание программного обеспечения. В книге обсуждаются современные задачи и перспективы компьютерной графики, методы разработки параллельных программ, стратегии развития больших программных комплексов.
Jazyk:ruština
Vydáno: Москва, Изд-во ЛКИ, 2008
Edice:Будущее прикладной математики. Избранные лекции
Témata:
Médium: MixedMaterials Kniha
KOHA link:https://koha.lib.tpu.ru/cgi-bin/koha/opac-detail.pl?biblionumber=140760

MARC

LEADER 00000nam0a2200000 4500
001 140760
005 20231101220855.0
010 |a 9785382004051 
035 |a (RuTPU)RU\TPU\book\152508 
090 |a 140760 
100 |a 20080708d2008 k y0rusy50 ca 
101 0 |a rus 
102 |a RU 
105 |a a z 001zy 
200 1 |a Робототехника, прогноз, программирование  |f Российская академия наук (РАН), Институт прикладной математики им. М. В. Келдыша (ИПМ); под ред. Г. Г. Малинецкого 
210 |a Москва  |c Изд-во ЛКИ  |d 2008 
215 |a 199 с.  |c ил. 
225 1 |a Будущее прикладной математики. Избранные лекции 
320 |a Библиография в конце глав. 
330 |a В настоящей книге представлены лекции для студентов, аспирантов и молодых исследователей, посвященные важным и интересным направлениям прикладной математики. Среди них проблемы робототехники и машинного зрения. Развитие этих направлений, вероятно, во многом изменит и технологическую реальность XXI века, и облик вооруженных сил, и наш повседневный быт. Другая тема лекций — синергетика и прогноз. Это направление дает понимание многих важных свойств, характерных для сложных развивающихся систем. Одно из приложений этой теории, обсуждаемое в книге — управление рисками, прогноз катастрофических явлений в природе, технике и обществе. Традиционная сфера прогноза и диагностики — медицина. И в этой сфере ученые многому научились — им удалось построить математические модели принятия решений лечащим врачом. Облик новой экономики во многом определяет информационно-телекоммуникационный комплекс. Основа основ его — создание программного обеспечения. В книге обсуждаются современные задачи и перспективы компьютерной графики, методы разработки параллельных программ, стратегии развития больших программных комплексов. 
606 1 |a Робототехника  |2 stltpush  |3 (RuTPU)RU\TPU\subj\25261  |9 49463 
606 1 |a Программирование  |2 stltpush  |3 (RuTPU)RU\TPU\subj\51780  |9 70345 
610 1 |a математика 
610 1 |a прогнозы 
610 1 |a автоматизация 
610 1 |a синергетика 
610 1 |a самоорганизация 
610 1 |a медицинская диагностика 
610 1 |a математическое моделирование 
610 1 |a компьютерная графика 
610 1 |a вычислительные кластеры 
610 1 |a вычислительные сети 
610 1 |a параллельные программы 
675 |a 621.865.8  |v 3 
675 |a 621.3.06  |v 3 
702 1 |a Малинецкий  |b Г. Г.  |g Георгий Геннадьевич  |4 340 
712 0 2 |a Российская академия наук (РАН)  |b Институт прикладной математики им. М. В. Келдыша (ИПМ)  |c (Москва)  |2 stltpush  |3 (RuTPU)RU\TPU\col\2923 
801 1 |a RU  |b 63413507  |c 20080708  |g PSBO 
801 2 |a RU  |b 63413507  |c 20140113  |g PSBO 
900 |a Робототехника 
900 |a Робототехника и мехатроника 
900 |a Программирование 
942 |c BK 
959 |a 69/20080701  |d 1  |e 145,00  |f ЧЗТЛ:1